1687 1561 1128 1209 1494 1222 1585 1479 1192 1169 1279 1937 1993 1351 1085 1023 1196 1186 1574 1419 1102 1313 1270 1996 1303 1637 1055 1057 1237 1914 1704 1095 1523 1224 1677 1163 1285 1466 1269 1018 1626 1155 1227 1730 1621 1787 1581 1224 1163 1199 1091 1618 1840 1933 1546 1683 1605 1853 1049 1296 1226 1996 1966 1910 1668 1968 1472 1136 1671 1422 1019 1389 1942 1457 1826 1662 1838 1859 1877 1932 1878 1304 1486 1662 1510 1374 1187 1154 1006 1119 1366 1884 1439 1006 1511 1861 1838 1738 1606 BCNSPRNW ULIB Ver.6.0+V

เปลี่ยนเป็นภาษาไทย

Change to English
 แสดงรายละเอียดบรรณานุกรม
  กลับหน้าหลัก

Brief Record : Get Marc (ISO 2709) : E-mail record : QR code < ปิดหน้าต่าง
LEADER : 00000nam 2200000uu 4500
001    13399112227
003     ULIB
008    110627s2553||||th 000 0 tha d
020    9786165000376
090    นว.^bพ723ข 2553
100 0  พิมพิสุธญ์
245 00 ข้ามฟ้าหิมาลัย/^cพิมพิสุธญ์
250    พิมพ์ครั้งที่ 1
260    กรุงเทพฯ :^bพิมพ์คำ,^c2553
300    424 หน้า
710 1  พิมพ์คำ
945    ^p260^l0^i028039
995    ทศพร
999 ^a ใช้งานได้ทุกระบบ
รายการนี้ยังไม่มีแท็ก
คุณยังไม่ได้ล็อกอิน คุณสามารถมีกิจกรรมร่วมกับเว็บไซต์ได้ แต่ต้องล็อกอินก่อน ::
  ล็อกอิน

รายการสื่อสารสนเทศ

ลำดับที่ ประเภท เลขเรียก/บาร์โค้ด สถานที่ สถานะ
- ไม่พบข้อมูล -

รายการใกล้เคียง
    ผู้แต่ง [พิมพิสุธญ์]

BibComment


ยังไม่เคยถูกคอมเมนท์

คอมเมนท์ทรัพยากรรายการนี้
  คอมเมนท์: ข้ามฟ้าหิมาลัย พิ..


 Copyright 2026. Bcnsprnw @Library